The mysterious death of Charles Bravo / (Record no. 8726)

MARC details
000 -LEADER
fixed length control field 01230nam a22002777a 4500
001 - CONTROL NUMBER
control field 8726
003 - CONTROL NUMBER IDENTIFIER
control field FISKH
005 - DATE AND TIME OF LATEST TRANSACTION
control field 20251017120917.0
008 - FIXED-LENGTH DATA ELEMENTS--GENERAL INFORMATION
fixed length control field 251014b cb ||||| |||| 00| 0 eng d
020 ## - INTERNATIONAL STANDARD BOOK NUMBER
International Standard Book Number 9780194793872
040 ## - CATALOGING SOURCE
Original cataloging agency FISKH
Language of cataloging eng
Transcribing agency FISKH
Modifying agency FISKH
050 ## - LIBRARY OF CONGRESS CALL NUMBER
Classification number PE1126.A4 V5323
082 ## - DEWEY DECIMAL CLASSIFICATION NUMBER
Classification number 428.64
100 ## - MAIN ENTRY--PERSONAL NAME
Personal name Vicary, Tim
Relator term Author
245 ## - TITLE STATEMENT
Title The mysterious death of Charles Bravo /
Statement of responsibility, etc. Tim Vicary
260 ## - PUBLICATION, DISTRIBUTION, ETC.
Place of publication, distribution, etc. New York :
Name of publisher, distributor, etc. Oxford University ,
Date of publication, distribution, etc. 2011
300 ## - PHYSICAL DESCRIPTION
Extent 72 pages :
Other physical details illustrations ;
Dimensions 20 cm
505 ## - FORMATTED CONTENTS NOTE
Formatted contents note J<br/>
520 ## - SUMMARY, ETC.
Summary, etc. Charles Bravo died from the poison antimony. He took three days to die, and the doctors could do nothing to help him.There were three people who had reasons for wanting Charles Bravo dead - Florence Bravo herself, Charles Bravo's new young wife; Dr James Gully, Florence's former lover; and Mrs Jane Cox, Florence's friend and companion.But the enquiry into the death in 1876 could not decide who the murderer was, and for more than 130 years people have wondered who did kill Charles Bravo ...<br/>
521 8# - TARGET AUDIENCE NOTE
Target audience note 490<br/>
Source Lexile<br/>
521 8# - TARGET AUDIENCE NOTE
Target audience note J<br/>
Source Raz-Plus<br/>
650 ## - SUBJECT ADDED ENTRY--TOPICAL TERM
Topical term or geographic name entry element Mystery
Form subdivision Murder
700 ## - ADDED ENTRY--PERSONAL NAME
Personal name Willis, Adam
Relator term Illustrator
942 ## - ADDED ENTRY ELEMENTS (KOHA)
Source of classification or shelving scheme Dewey Decimal Classification
Koha item type Books
Suppress in OPAC No
Holdings
Withdrawn status Lost status Source of classification or shelving scheme Damaged status Not for loan Home library Current library Shelving location Date acquired Total Checkouts Full call number Barcode Date last seen Copy number Price effective from Koha item type
    Dewey Decimal Classification     Footprints International School Library Network Toul Tom Poung Campus Footprints International School Library Network Toul Tom Poung Campus TTP Primary Dark Blue Bookshelves 10/14/2025   VIC 428.64 PE1126.A4 V5323 2025-4578 10/14/2025 1 10/14/2025 Books